My Top 50 Rappers Of All Time - Statistics

General Stats
  • This quiz has been taken 50 times
  • The average score is 25 of 50
Answer Stats
Hint Answer % Correct
Most popular rapper here, beefed with above, Canadian Drake
98%
From Compton, did the Super Bowl halftime show Kendrick Lamar
95%
Chicago legend, bad person now, billlionaire Kanye West
93%
Absolute legend who was in a beef with Biggie Smalls and was killed because of it 2Pac
88%
Brooklyn billionaire who's married to Beyoncé Jay-Z
84%
Rapper who redefined what it meant to be white in rap, hated by many but loved by many more Eminem
81%
One of the most legendary rappers of all time, only had two albums before getting killed The Notorious B.I.G.
81%
Absolute legend that discovered artists like Drake and Nicki Minaj Lil Wayne
77%
Known for heavy autotune, owns the Cactus Jack label Travis Scott
77%
Discovered by Jay-Z and owns the Dreaville label J. Cole
70%
Most popular from the group Odd Future, gay Tyler, The Creator
70%
Made what is considered by many the best rap album, beefed with Jay-Z Nas
67%
Vampire Playboi Carti
65%
Known for making luxury rap, fat and is proud of it Rick Ross
63%
Member of the best rap duo of all time and plays the flute now André 3000
60%
Rapper from Atlanta known for his scary and menacing personality, often works with Drake and Future 21 Savage
58%
The street pope Future
58%
Sadly passed away, from Pittsburgh, has two amazing posthumous albums Mac Miller
53%
Masked rapper from New York who had amazing lyrics and passed away in 2020 MF DOOM
53%
Female rapper and RNB artist who dropped only one album that's considered one of the best ever Lauryn Hill
51%
Cousin of Kendrick Lamar, was a Minecraft YouTuber when he was young Baby Keem
49%
Main artist on the Griselda label, known for soul samples and ad-libs Westside Gunn
49%
Atlanta rapper who is known for mumbling, classic mixtapes, inspired heavily by Lil Wayne Young Thug
49%
SoundCloud icon who works with Playboi Carti often Lil Uzi Vert
47%
Created the drill genre, first project came out when he was 16 Chief Keef
44%
Odd Future member who works a lot with The Alchemist Earl Sweatshirt
44%
Bald man from Indiana, makes amazing collab albums with producers Freddie Gibbs
44%
Known for crazy flows and lyrics, signed to J. Cole's label JID
44%
In a rap duo with his brother, works often with Kanye West and Rick Ross Pusha T
44%
Cloud rap pioneer married to one of the most famous women in the world A$AP Rocky
42%
Rapper and singer that made an album with Bruno Mars Anderson .Paak
40%
Heavily inspired by Kanye West, dropped many popular mixtapes but a debut album that was disliked Chance The Rapper
37%
Rapper known for loud and insane music, made a collab album with JPEGMAFIA Danny Brown
37%
Discovered by Travis Scott, got popular after a feature on the Travis album ASTROWORLD Don Toliver
37%
Rapper and singer known for humming Kid Cudi
37%
"Mumble" rapper from the SoundCloud era who went through a large musical shift and now makes alternative rock as well as rap Lil Yachty
35%
Female rapper from the UK, deserves to be much more popular Little Simz
35%
Artist from the Pro Era label, first mixtape came out when he was 17 Joey Bada$$
33%
On the Griselda label and has the popular Tana Talk series Benny The Butcher
30%
Chronically online man who self produces his music, inaccessible but so so good, white people love him JPEGMAFIA
30%
Used to be in a rap group with Kendrick Lamar and took a five year break before dropping again in 2024 ScHoolboy Q
30%
Griselda member that drops too much with laidback flows Boldy James
28%
Westside Gunn's brother who got shot in the head and survived Conway The Machine
28%
Most popular song is the bottle flip challenge song, he's from Florida Denzel Curry
28%
Used to be a YouTuber that got in a rap battle with KSI, now makes beautiful, often non hip-hop music Quadeca
28%
Chill and laidback flows, California rapper who works with The Alchemist Larry June
26%
Chicago rapper that often worked with Kanye West and dated Erkyah Badu Common
23%
Relatable and funny rapper from Long Beach who has his own Netflix show Vince Staples
23%
Lyrical rapper from Chicago who recently made an album with No I.D. Saba
21%
Another Chicago rapper, known for chill vibes, popular on TikTok and album covers usually parody other popular covers LUCKI
7%
No matching quizzes found
Score Distribution
Percent of People with Each Score
Percentile by Number Answered
Your Score History
You have not taken this quiz